[Event "Staufer op 22nd"]
[Site "Schwaebisch Gmuend"]
[Date "2010.01.05"]
[Round "9"]
[White "Aring, Gerd"]
[Black "Namyslo, Holger"]
[Result "0-1"]
[WhiteElo "2180"]
[BlackElo "2317"]
[PlyCount "143"]
[EventDate "2010.01.02"]
[EventType "swiss"]
[EventRounds "9"]
[EventCountry "GER"]
[SourceTitle "CBM 134 Extra"]
[Source "ChessBase"]
[SourceDate "2010.03.03"]
[SourceVersion "1"]
[SourceVersionDate "2010.03.03"]
[SourceQuality "1"]

1. d4 d5 2. c4 e6 3. Nf3 c6 4. e3 Nf6 5. Nc3 Nbd7 6. Qc2 Bd6 7. e4 dxe4 8. Nxe4 Nxe4 9. Qxe4 e5 10. c5 Bc7 11. dxe5 Nxc5 12. Qc2 Ba5+ 13. Bd2 Bxd2+ 14. Qxd2 0-0 15. Rc1 Qe7 16. Qc3 Ne6 17. Bc4 Nf4 18. g3 Ng6 19. 0-0 Bg4 20. Rfe1 Rfe8 21. e6 Bxe6 22. Nd4 Nf8 23. Nxe6 Nxe6 24. Bxe6 fxe6 25. Re5 Rad8 26. Rce1 Qf7 27. Qe3 a6 28. f4 g6 29. a3 Rd5 30. Re4 Qd7 31. Re2 Kf7 32. Kg2 Rd3 33. Qb6 Re7 34. h4 Qd5 35. Kh2 Qb3 36. Qf2 Qd5 37. Re5 Qd4 38. Qg2 Qc4 39. h5 Rd5 40. hxg6+ hxg6 41. Qe4 Qxe4 42. R5xe4 c5 43. Kg2 b5 44. Kf3 c4 45. g4 Rd3+ 46. Kf2 Rh3 47. Kg2 Rd3 48. Kf2 Rd5 49. a4 Rc5 50. axb5 axb5 51. Ke1 b4 52. f5 gxf5 53. gxf5 Rxf5 54. Rxc4 Rb7 55. Ree4 b3 56. Rc3 Kf6 57. Ree3 Re5 58. Ke2 Rbb5 59. Kf2 Rxe3 60. Kxe3 Rb4 61. Rc5 e5 62. Rc8 Rh4 63. Rb8 Rh2 64. Ke4 Re2+ 65. Kd5 Rxb2 66. Rf8+ Ke7 67. Rb8 Rb1 68. Kc4 Ke6 69. Kc3 Kf5 70. Rb4 e4 71. Rb8 Kf4 72. Kd2 0-1

[Event "Staufer op 22nd"]
[Site "Schwaebisch Gmuend"]
[Date "2010.01.04"]
[Round "7"]
[White "Gutman, Lev"]
[Black "Aring, Gerd"]
[Result "1-0"]
[WhiteElo "2448"]
[BlackElo "2180"]
[PlyCount "103"]
[EventDate "2010.01.02"]
[EventType "swiss"]
[EventRounds "9"]
[EventCountry "GER"]
[SourceTitle "CBM 134 Extra"]
[Source "ChessBase"]
[SourceDate "2010.03.03"]
[SourceVersion "1"]
[SourceVersionDate "2010.03.03"]
[SourceQuality "1"]

1. Nf3 Nf6 2. g3 g6 3. Bg2 Bg7 4. 0-0 0-0 5. d4 d6 6. c4 Nc6 7. h3 e5 8. Be3 exd4 9. Nxd4 Nxd4 10. Bxd4 c5 11. Be3 Be6 12. Qc1 Qb6 13. Nd2 Rac8 14. Rd1 d5 15. cxd5 Bxd5 16. Nc4 Qe6 17. Bxd5 Nxd5 18. Bh6 Rfd8 19. Bxg7 Kxg7 20. Qg5 f6 21. Qg4 f5 22. Qf3 Rd7 23. Rd3 Rcd8 24. b3 Qe4 25. Qxe4 fxe4 26. Rd2 Nb4 27. Rxd7+ Rxd7 28. a3 Nc6 29. Kf1 Kf6 30. Rc1 Nd4 31. Nd2 b6 32. Nxe4+ Kf5 33. Nd2 Ne6 34. Ke1 b5 35. f4 h5 36. e3 g5 37. fxg5 Rc7 38. h4 Kg4 39. Kf2 Rd7 40. Rc2 a6 41. a4 c4 42. bxc4 bxa4 43. Ne4 Rb7 44. Ra2 Rb4 45. Nf6+ Kf5 46. Nxh5 Nc5 47. Kf3 Rxc4 48. g4+ Kg6 49. Nf4+ Kg7 50. h5 Ne4 51. g6 Nc3 52. Rd2 1-0